00414nam a2200145Ia 4500001001000000003000500010008004100015010001100056040000900067245005800076260005400134300001000188440003600198650003400234Para_4685CHAP220125s1965 xx 000 0 und d a203126 cCHAP aIdaho Farm and home bulletin /c University of Idaho aMoscow, Idaho :b Agricultural Extension Service a16 p. aIdaho. Agr. Ext. Ser. Bull; 401 aAgricultura x Bibliografía